Statistics for List of best-charting music artists ranking

Click here to take the quiz!

General Stats

  • This quiz has been taken 157 times
  • The average score is 17 of 100

Answer Stats

HintAnswer% Correct
18Madonna
78%
35Michael Jackson
74%
8The Beatles
73%
79Beyonce
71%
3Elvis Presley
66%
67Rihanna
60%
9Elton John
53%
39Eminem
53%
38Mariah Carey
53%
5Jay-Z
51%
15The Rolling Stones
50%
14Taylor Swift
48%
58Whitney Houston
48%
98Britney Spears
44%
78Celine Dion
40%
11Stevie Wonder
36%
44Janet Jackson
35%
7Aretha Franklin
33%
21Prince
33%
85Aerosmith
31%
55Diana Ross
31%
12Frank Sinatra
29%
43Paul McCartney
28%
19Marvin Gaye
27%
57Billy Joel
26%
72Tina Turner
26%
34Johnny Cash
25%
6Ray Charles
24%
4James Brown
23%
13The Beach Boys
23%
26The Supremes
23%
25Cher
22%
10Drake
21%
51Bee Gees
20%
90Christina Aguilera
20%
54Barbra Streisand
18%
20Neil Diamond
18%
27The Temptations
18%
28Rod Stewart
15%
30Chicago
13%
2Lil Wayne
13%
81Donna Summer
12%
37Nicki Minaj
12%
99The Jackson 5
12%
46Sam Cooke
10%
22Dionne Warwick
9%
53Tim McGraw
9%
60Gladys Knight
8%
89Heart
8%
71The Everly Brothers
8%
76Tony Bennett
8%
87Dean Martin
7%
59Olivia Newton-Joh
7%
91B B King
6%
31Fats Domino
6%
41Kenny Rogers
6%
42Mary J. Blige
6%
32Nat King Cole
6%
82John Denver
5%
16Paul Anka
5%
63Bobby Darin
4%
40Four Tops
4%
96The Drifters
4%
68Akon
3%
86Bob Seger
3%
92Doris Day
3%
74Hall & Oates
3%
29Jackie Wilson
3%
100John Mellencamp
3%
61Linda Ronstadt
3%
52Perry Como
3%
97Toby Keith
3%
75T-Pain
3%
83Bobby Vee
2%
50Bobby Vinton
2%
73Brenda Lee
2%
49The Isley Brothers
2%
62The Platters
2%
70Al Martin
1%
23Connie Francis
1%
88Earth Wind & Fire
1%
1Glee Cast
1%
48Glen Campbell
1%
17Pat Boone
1%
24Ricky Nelson
1%
47Andy Williams
0%
77Bobby Bland
0%
33Brook Benton
0%
80Dion and the Belmonts
0%
45Frankie Valli & Four Seasons
0%
64Jerry Butler
0%
65Johnny Mathis
0%
84Kool & The Gang
0%
69Patti Page
0%
93Ray Orbison
0%
94The 5th Dimension
0%
56The Impressions
0%
36The Miracles
0%
95The Spinners
0%
66Wilson Pickett
0%

Score Distribution

Percentile by Number Answered

Percent of People with Each Score

Your Score History

You have not taken this quiz